Score 0/18 Timer 02:00
1 Play Today
Song Missing Word % Correct
All You Need Is ____LOVE
99.5%
To Know Him Is To ____ HimLOVE
99.5%
____ Stop Believin'DON'T
96.9%
Girls Just ____ To Have FunWANT
96.8%
Life In The Fast ____LANE
95.3%
(I ____ Get No) SatisfactionCAN'T
94.1%
Bad To The ____BONE
93.5%
I Walk The ____LINE
93.5%
____ Get Fooled AgainWON'T
90.1%
Song Missing Word % Correct
James ____ ThemeBOND
88.8%
____ Train To ClarksvilleLAST
86.7%
Dirty Deeds ____ Dirt CheapDONE
86.5%
____ To TellLIVE
84%
Rikki Don't ____ That NumberLOSE
83.3%
____ In LoveLOST
78.8%
____ Your Fate To The WindCAST
78.1%
____ Of GoldBAND
78%
____ Of 1000 DancesLAND
78%

Today's Daily Dose

Missing Word
'T' Pairs

Word Ladder
Game Pieces

Get the Picture
Baseball Movies

Remove Ads.
Support Sporcle.
Get the best of Sporcle when you Go Orange. This ad-free experience offers more features, more stats, and more fun while also helping to support Sporcle. Thank you for becoming a member.

You're not logged in!

Compare scores with friends on all Sporcle quizzes.
OR
Log In

Show Comments

Extras

Top Quizzes Today


Score Distribution

Your Account Isn't Verified!

In order to create a playlist on Sporcle, you need to verify the email address you used during registration. Go to your Sporcle Settings to finish the process.

Report this User

Report this user for behavior that violates our Community Guidelines.

Details: